000 nam a22 7a 4500
999 _c128073
_d128073
008 180903b xxu||||| |||| 00| 0 eng d
050 _aPR2364.W3
100 _aWatson, Elizabeth A. F.
_941902
245 _aSpenser
_c/ by Elizabeth A. F. Watson
260 _aLondon:
_bEvans brothers,
_c1967.
300 _a176p.;
_c19cm.
440 _aLiterature in Perspective
_915187
600 _aSpenser, Edmund
_xCriticism and interpretation
_941900
942 _2lcc
_cMONOGRAPH